[Event "Torneo Benidorm Gran Hotel Bali 2022"]
[Site "Benidorm, Spain"]
[Date "2022.12.05"]
[Round "3.7"]
[White "Md, Imran"]
[Black "Fernandez Vazquez, Jorge"]
[Result "1-0"]
[WhiteElo "2279"]
[BlackElo "1977"]
[PlyCount "109"]
[EventDate "2022.12.03"]
[EventType "swiss"]
[EventRounds "9"]
[SourceTitle "Ajedrez en Madrid"]
[Source "lmi"]
[SourceDate "2022.12.03"]
[SourceVersion "1"]
[SourceVersionDate "2022.12.10"]
[SourceQuality "1"]

1. d4 Nf6 2. Nf3 d5 3. Bf4 c5 4. e3 Nc6 5. Nbd2 Qb6 6. dxc5 Qxb2 7. Rb1 Qc3 8. Bb5 g6 9. O-O Bg7 10. Nb3 O-O 11. Qd3 Ne4 12. Qxd5 Bf5 13. Nfd4 Rad8 14. Nxc6 Rxd5 15. Nxe7+ Kh8 16. Nxd5 Qxc2 17. Rbc1 Qxa2 18. Bc4 Qa3 19. f3 Nxc5 20. Bd6 b6 21. Nxc5 bxc5 22. Bxf8 Bxf8 23. Ra1 Qb2 24. Rxa7 Qc2 25. Rxf7 Qxc4 26. Rxf8+ Kg7 27. Rd8 Be6 28. Nf4 Bf7 29. Rb1 Qc3 30. Rd3 Qe5 31. Rc1 c4 32. Rdc3 g5 33. Ne2 h5 34. Ng3 h4 35. Nf1 h3 36. g4 Qb8 37. Kf2 Bd5 38. Ng3 Qb2+ 39. R3c2 Qb7 40. Nf5+ Kf6 41. Kg3 Qh7 42. Rd2 Be6 43. Rd6 Qc7 44. Kxh3 Kf7 45. Rd4 c3 46. Rd3 c2 47. Nd4 Qc4 48. Ra3 Qc5 49. Ra6 Bb3 50. Rc6 Qd5 51. Rc7+ Ke8 52. Kg2 Ba4 53. Ra1 Qe5 54. Rc3 Bd7 55. Rxc2 1-0

[Event "Torneo Benidorm Gran Hotel Bali 2022"]
[Site "Benidorm, Spain"]
[Date "2022.12.05"]
[Round "3.8"]
[White "Raghav, Srivathsav V"]
[Black "Sos Andreu, Eric"]
[Result "0-1"]
[WhiteElo "2059"]
[BlackElo "2364"]
[PlyCount "44"]
[EventDate "2022.12.03"]
[EventType "swiss"]
[EventRounds "9"]
[SourceTitle "Ajedrez en Madrid"]
[Source "lmi"]
[SourceDate "2022.12.03"]
[SourceVersion "1"]
[SourceVersionDate "2022.12.10"]
[SourceQuality "1"]

1. e4 c6 2. d4 d5 3. exd5 cxd5 4. Bf4 Nc6 5. c3 e6 6. Nd2 Bd6 7. Bg3 Nge7 8. Ngf3 O-O 9. Bd3 f6 10. Qc2 g6 11. h4 Bxg3 12. fxg3 Qd6 13. Nf1 e5 14. dxe5 fxe5 15. O-O-O Be6 16. h5 Nb4 17. Qa4 Nxd3+ 18. Rxd3 e4 19. hxg6 Nxg6 20. Rd1 exf3 21. gxf3 Rxf3 22. Rh5 Qa6 0-1

[Event "Torneo Benidorm Gran Hotel Bali 2022"]
[Site "Benidorm, Spain"]
[Date "2022.12.05"]
[Round "3.9"]
[White "Lacrosse, Marc"]
[Black "Aditya, Varun Gampa"]
[Result "1/2-1/2"]
[WhiteElo "2043"]
[BlackElo "2249"]
[PlyCount "76"]
[EventDate "2022.12.03"]
[EventType "swiss"]
[EventRounds "9"]
[SourceTitle "Ajedrez en Madrid"]
[Source "lmi"]
[SourceDate "2022.12.03"]
[SourceVersion "1"]
[SourceVersionDate "2022.12.10"]
[SourceQuality "1"]

1. d4 Nf6 2. c4 e6 3. Nf3 d5 4. Nc3 Bb4 5. cxd5 exd5 6. Bg5 h6 7. Bxf6 Qxf6 8. Qa4+ Nc6 9. e3 O-O 10. Be2 Qg6 11. O-O Bh3 12. Ne1 Bxc3 13. bxc3 Rfd8 14. Kh1 Bf5 15. Rc1 Ne7 16. Qb4 Qd6 17. Qxb7 Rab8 18. Qxa7 Ra8 19. Qc5 Qxc5 20. dxc5 Ra5 21. Nf3 Rxc5 22. Rfd1 Ra8 23. Nd4 Rxa2 24. Nb3 Rc6 25. Nd4 Rb6 26. Nxf5 Nxf5 27. Rxd5 Nd6 28. Bf3 Rxf2 29. Rc5 g6 30. e4 f6 31. Rxc7 Nf7 32. h4 Ne5 33. Ra1 Rb8 34. Raa7 g5 35. hxg5 hxg5 36. Bh5 Rf4 37. Bf7+ Kf8 38. Be6 Rh4+ 1/2-1/2

[Event "Torneo Benidorm Gran Hotel Bali 2022"]
[Site "Benidorm, Spain"]
[Date "2022.12.05"]
[Round "3.10"]
[White "Bosch Jorda, Ricard"]
[Black "Valdepenas Octavio, Javier"]
[Result "1/2-1/2"]
[WhiteElo "1991"]
[BlackElo "2216"]
[PlyCount "146"]
[EventDate "2022.12.03"]
[EventType "swiss"]
[EventRounds "9"]
[SourceTitle "Ajedrez en Madrid"]
[Source "lmi"]
[SourceDate "2022.12.03"]
[SourceVersion "1"]
[SourceVersionDate "2022.12.10"]
[SourceQuality "1"]

1. e4 e5 2. Nf3 Nc6 3. Bb5 a6 4. Ba4 Nf6 5. O-O Nxe4 6. d4 b5 7. Bb3 d5 8. dxe5 Be6 9. Be3 Be7 10. c3 O-O 11. Nbd2 Bg4 12. Nxe4 dxe4 13. Bd5 Nxe5 14. Bxe4 Qxd1 15. Rfxd1 Bxf3 16. gxf3 Rad8 17. b3 Bd6 18. a4 b4 19. cxb4 Bxb4 20. Rxd8 Rxd8 21. Rc1 Bd6 22. Bc5 Kf8 23. Bxd6+ cxd6 24. Bd5 Ke7 25. b4 Nd3 26. Rb1 Rb8 27. b5 a5 28. b6 Nc5 29. Bc6 d5 30. Bxd5 Nxa4 31. b7 Nc3 32. Re1+ Kd6 33. Bxf7 Rxb7 34. Bg8 Rb1 35. Kf1 a4 36. Rxb1 Nxb1 37. Ke2 Nc3+ 38. Kd3 Nd5 39. Bxh7 Ke5 40. Kc4 g5 41. Bc2 a3 42. Bb3 Kd6 43. Kd4 Nb4 44. Kc3 a2 45. Kb2 Ke5 46. h3 Kf4 47. Be6 Kxf3 48. Bg4+ Kxf2 49. Be6 Kg3 50. Bf5 Kg2 51. Bc8 Kh2 52. Bd7 Kg3 53. Bc8 Kf4 54. Bd7 Ke5 55. Bc8 Kd6 56. Bf5 Kc7 57. Be6 Kd6 58. Bf5 Ke5 59. Bc8 Ke4 60. Bd7 Kf3 61. Bc8 Kg3 62. Bd7 Nd3+ 63. Kxa2 Nf4 64. Kb3 Nxh3 65. Kc3 Nf4 66. Kd4 Ng6 67. Ke4 Nh4 68. Bc8 Nf3 69. Kf5 Kh4 70. Kf6 Kg3 71. Bb7 g4 72. Bc8 Nd4 73. Bxg4 Kxg4 1/2-1/2

[Event "Torneo Benidorm Gran Hotel Bali 2022"]
[Site "Benidorm, Spain"]
[Date "2022.12.05"]
[Round "3.11"]
[White "Prohens Lopez, Aitor"]
[Black "Tscharotschkin, Michael"]
[Result "0-1"]
[WhiteElo "1891"]
[BlackElo "2137"]
[PlyCount "134"]
[EventDate "2022.12.03"]
[EventType "swiss"]
[EventRounds "9"]
[SourceTitle "Ajedrez en Madrid"]
[Source "lmi"]
[SourceDate "2022.12.03"]
[SourceVersion "1"]
[SourceVersionDate "2022.12.10"]
[SourceQuality "1"]

1. e4 e6 2. d4 d5 3. Bd3 Nf6 4. e5 Nfd7 5. f4 c5 6. c3 g6 7. Nf3 Nc6 8. O-O b6 9. a3 a5 10. Qe2 Bg7 11. f5 exf5 12. Bg5 Ne7 13. e6 fxe6 14. Qxe6 Nf6 15. Bb5+ Kf8 16. Qe2 Ne4 17. Bf4 Kf7 18. Nbd2 Bf6 19. Nxe4 dxe4 20. Ne5+ Kg7 21. Rad1 g5 22. Qh5 Ng6 23. dxc5 Qe7 24. Ng4 fxg4 25. Bd6 Qe6 26. Rxf6 Qxf6 27. Rf1 Nf4 28. Rxf4 Bf5 29. Rf1 bxc5 30. Bxc5 Rad8 31. Bd4 Rxd4 32. cxd4 Rd8 33. Be2 Qxd4+ 34. Kh1 Qf6 35. Rc1 h6 36. Bxg4 Qxb2 37. Rf1 Rf8 38. Bxf5 Rxf5 39. Rd1 Rf7 40. h4 Qf6 41. hxg5 Qxg5 42. Qe2 e3 43. Rf1 Rxf1+ 44. Qxf1 Qh5+ 45. Kg1 Qc5 46. Qe2 Qxa3 47. Qg4+ Kf6 48. Qf4+ Ke6 49. Qxh6+ Kd5 50. Qh5+ Kd4 51. Qg4+ Kc3 52. Qc8+ Kd2 53. Qd8+ Kc2 54. Qc8+ Qc3 55. Qf5+ Kb2 56. Qb5+ Kc1 57. Qf1+ Kd2 58. Qf4 Qd3 59. g4 Ke1 60. Qg3+ Kd1 61. Qf3+ Kc2 62. Qc6+ Qc3 63. Qe4+ Kc1 64. Qf4 a4 65. Qxa4 e2 66. Qf4+ Kd1 67. Qd6+ Qd2 0-1

[Event "Torneo Benidorm Gran Hotel Bali 2022"]
[Site "Benidorm, Spain"]
[Date "2022.12.05"]
[Round "3.12"]
[White "Villar Reymundo, Juan Antonio"]
[Black "Renganayaki, Venkatesh"]
[Result "1/2-1/2"]
[WhiteElo "2135"]
[BlackElo "1978"]
[PlyCount "58"]
[EventDate "2022.12.03"]
[EventType "swiss"]
[EventRounds "9"]
[SourceTitle "Ajedrez en Madrid"]
[Source "lmi"]
[SourceDate "2022.12.03"]
[SourceVersion "1"]
[SourceVersionDate "2022.12.10"]
[SourceQuality "1"]

1. e4 e5 2. Nc3 Nf6 3. f4 d5 4. fxe5 Nxe4 5. Qf3 Nxc3 6. dxc3 Be7 7. Bf4 O-O 8. O-O-O Be6 9. Kb1 Nd7 10. Ne2 c5 11. c4 d4 12. c3 Bxc4 13. cxd4 Nb6 14. Ng3 Bd5 15. Qf2 Qd7 16. Bd3 c4 17. Bc2 Be6 18. Ne4 Nd5 19. Bg5 Bxg5 20. Nxg5 h6 21. Ne4 Qb5 22. Ka1 Nb4 23. Nc3 Qd7 24. d5 Nxc2+ 25. Qxc2 Bf5 26. Qf2 Bd3 27. Rhe1 Rae8 28. Re3 b5 29. d6 f6 1/2-1/2

[Event "Torneo Benidorm Gran Hotel Bali 2022"]
[Site "Benidorm, Spain"]
[Date "2022.12.06"]
[Round "4.1"]
[White "Mingarro Carceller, Sergi"]
[Black "Aguilera Lopez, Alejandro"]
[Result "0-1"]
[WhiteElo "2330"]
[BlackElo "2184"]
[PlyCount "116"]
[EventDate "2022.12.03"]
[EventType "swiss"]
[EventRounds "9"]
[SourceTitle "Ajedrez en Madrid"]
[Source "lmi"]
[SourceDate "2022.12.03"]
[SourceVersion "1"]
[SourceVersionDate "2022.12.10"]
[SourceQuality "1"]
[TimeControl "90+30"]
[WhiteClock "0:09:47"]
[BlackClock "0:12:10"]

1. e4 {[%emt 0:00:00]} c5 {[%emt 0:00:00]} 2. Nf3 {[%emt 0:00:00]} e6 {[%emt 0:00:00]} 3. d4 {[%emt 0:00:00]} cxd4 {[%emt 0:00:00]} 4. Nxd4 {[%emt 0:00:00]} Nf6 {[%emt 0:00:00]} 5. Nc3 {[%emt 0:00:00]} Nc6 {[%emt 0:00:00]} 6. Nxc6 {[%emt 0:00:00]} bxc6 {[%emt 0:00:00]} 7. e5 {[%emt 0:00:00]} Nd5 {[%emt 0:00:00]} 8. Ne4 {[%emt 0:00:00]} Qc7 {[%emt 0:00:00]} 9. f4 {[%emt 0:00:00]} Qb6 {[%emt 0:00:00]} 10. c4 {[%emt 0:00:00]} Bb4+ {[%emt 0:00:00]} 11. Ke2 {[%emt 0:00:00]} f5 {[%emt 0:00:00]} 12. Nf2 {[%emt 0:00:00]} Ba6 {[%emt 0:00:00]} 13. Kf3 {[%emt 0:00:00]} Ne7 {[%emt 0:00:00]} 14. Be3 {[%emt 0:00:00]} Bc5 {[%emt 0:00:00]} 15. Bxc5 {[%emt 0:00:00]} Qxc5 {[%emt 0:00:00]} 16. Qd6 {[%emt 0:00:00]} Qxd6 {[%emt 0:00:00]} 17. exd6 {[%emt 0:00:00]} Ng8 {[%emt 0:00:00]} 18. c5 {[%emt 0:00:00]} Bxf1 {[%emt 0:00:00]} 19. Rhxf1 {[%emt 0:00:00]} Rb8 {[%emt 0:00:00]} 20. Rfc1 {[%emt 0:00:00]} Nf6 {[%emt 0:00:00]} 21. Nd3 {[%emt 0:00:00]} O-O {[%emt 0:00:00]} 22. Rc4 {[%emt 0:00:00]} Rb7 {[%emt 0:00:00]} 23. Rac1 {[%emt 0:00:00]} Ne4 {[%emt 0:00:00]} 24. Ke3 {[%emt 0:00:00]} h6 {[%emt 0:00:00]} 25. b3 {[%emt 0:00:00]} g5 {[%emt 0:00:00]} 26. g4 {[%emt 0:00:00]} Nf6 {[%emt 0:00:00]} 27. gxf5 {[%emt 0:00:00]} exf5 {[%emt 0:00:00]} 28. fxg5 {[%emt 0:00:00]} hxg5 {[%emt 0:00:00]} 29. Rg1 {[%emt 0:00:00]} Re8+ {[%emt 0:00:00]} 30. Kd2 {[%emt 0:00:00]} Kf7 {[%emt 0:00:00]} 31. Kc2 {[%emt 0:00:00]} Re2+ {[%emt 0:00:00]} 32. Kb1 {[%emt 0:00:00]} Ne4 {[%emt 0:00:00]} 33. Rc2 {[%emt 0:00:00]} Rxc2 {[%emt 0:00:00]} 34. Kxc2 {[%emt 0:00:00]} Kf6 {[%emt 0:00:00]} 35. b4 {[%emt 0:00:00]} Rb8 {[%emt 0:00:00]} 36. Rg2 {[%emt 0:00:34]} Rh8 {[%emt 0:00:00]} 37. Kb3 {[%emt 0:01:34]} f4 {[%emt 0:00:00]} 38. Kc4 {[%emt 0:01:55]} f3 {[%emt 0:00:00]} 39. Rc2 {[%emt 0:02:38]} Kf5 {[%emt 0:00:00]} 40. Kd4 {[%emt 0:01:23]} Nf6 {[%emt 0:01:11]} 41. b5 {[%emt 0:03:01]} cxb5 {[%emt 0:01:10]} 42. c6 {[%emt 0:00:26]} dxc6 {[%emt 0:00:51]} 43. Rc5+ {[%emt 0:01:41]} Ke6 {[%emt 0:01:29]} 44. Rxg5 {[%emt 0:00:14]} Rxh2 {[%emt 0:01:32]} 45. Re5+ {[%emt 0:00:46]} Kxd6 {[%emt 0:00:19]} 46. Rf5 {[%emt 0:00:03]} Nd5 {[%emt 0:00:39]} 47. Ke4 {[%emt 0:00:50]} Re2+ {[%emt 0:01:13]} 48. Kd4 {[%emt 0:01:18]} Rxa2 {[%emt 0:00:28]} 49. Ke4 {[%emt 0:01:08]} Re2+ {[%emt 0:01:33]} 50. Kd4 {[%emt 0:00:04]} Rh2 {[%emt 0:01:17]} 51. Ke4 {[%emt 0:00:18]} a5 {[%emt 0:00:31]} 52. Rxf3 {[%emt 0:00:23]} Rh4+ {[%emt 0:00:44]} 53. Kf5 {[%emt 0:00:09]} a4 {[%emt 0:01:22]} 54. Nf2 {[%emt 0:00:21]} Ne7+ {[%emt 0:01:05]} 55. Kg5 {[%emt 0:00:19]} Rd4 {[%emt 0:00:14]} 56. Rf6+ {[%emt 0:00:27]} Kd7 {[%emt 0:02:12]} 57. Ng4 {[%emt 0:00:55]} a3 {[%emt 0:00:18]} 58. Ne5+ {[%emt 0:00:16]} Kc7 {[%emt 0:00:12]} 0-1

[Event "Torneo Benidorm Gran Hotel Bali 2022"]
[Site "Benidorm, Spain"]
[Date "2022.12.06"]
[Round "4.2"]
[White "Schaffert, Walter"]
[Black "Davtyan, David Arm."]
[Result "0-1"]
[WhiteElo "2037"]
[BlackElo "2329"]
[PlyCount "82"]
[EventDate "2022.12.03"]
[EventType "swiss"]
[EventRounds "9"]
[SourceTitle "Ajedrez en Madrid"]
[Source "lmi"]
[SourceDate "2022.12.03"]
[SourceVersion "1"]
[SourceVersionDate "2022.12.10"]
[SourceQuality "1"]
[TimeControl "90+30"]
[WhiteClock "0:01:06"]
[BlackClock "0:18:42"]

1. e4 {[%emt 0:00:00]} c6 {[%emt 0:00:00]} 2. Be2 {[%emt 0:00:00]} d5 {[%emt 0:00:00]} 3. d3 {[%emt 0:00:00]} e5 {[%emt 0:00:00]} 4. f4 {[%emt 0:00:00]} dxe4 {[%emt 0:00:00]} 5. dxe4 {[%emt 0:00:00]} Qxd1+ {[%emt 0:00:00]} 6. Bxd1 {[%emt 0:00:00]} exf4 {[%emt 0:00:00]} 7. Bxf4 {[%emt 0:00:00]} Ne7 {[%emt 0:00:00]} 8. Nf3 {[%emt 0:00:00]} Ng6 {[%emt 0:00:00]} 9. Be3 {[%emt 0:00:00]} Nd7 {[%emt 0:00:00]} 10. Nbd2 {[%emt 0:00:00]} Bc5 {[%emt 0:00:00]} 11. Bxc5 {[%emt 0:00:00]} Nxc5 {[%emt 0:00:00]} 12. O-O {[%emt 0:00:00]} Be6 {[%emt 0:00:00]} 13. b4 {[%emt 0:00:00]} Nd7 {[%emt 0:00:00]} 14. Ng5 {[%emt 0:00:00]} Nde5 {[%emt 0:00:00]} 15. Nxe6 {[%emt 0:00:00]} fxe6 {[%emt 0:00:00]} 16. Be2 {[%emt 0:00:00]} Ke7 {[%emt 0:00:00]} 17. Nb3 {[%emt 0:00:00]} Nd7 {[%emt 0:00:00]} 18. a4 {[%emt 0:00:00]} Nge5 {[%emt 0:00:00]} 19. a5 {[%emt 0:00:00]} Rhd8 {[%emt 0:00:00]} 20. a6 {[%emt 0:00:00]} b6 {[%emt 0:00:00]} 21. h3 {[%emt 0:00:00]} Rf8 {[%emt 0:00:00]} 22. g3 {[%emt 0:00:00]} Rxf1+ {[%emt 0:00:00]} 23. Rxf1 {[%emt 0:00:00]} g5 {[%emt 0:00:00]} 24. Kg2 {[%emt 0:00:00]} Nf6 {[%emt 0:00:00]} 25. Re1 {[%emt 0:00:00]} Rd8 {[%emt 0:00:00]} 26. Bf1 {[%emt 0:00:00]} h5 {[%emt 0:00:00]} 27. Be2 {[%emt 0:01:37]} h4 {[%emt 0:00:00]} 28. g4 {[%emt 0:02:23]} Ng6 {[%emt 0:00:00]} 29. Bf1 {[%emt 0:02:11]} Nf4+ {[%emt 0:00:00]} 30. Kf3 {[%emt 0:00:37]} Nd7 {[%emt 0:00:00]} 31. Ke3 {[%emt 0:01:51]} Ne5 {[%emt 0:00:00]} 32. Rb1 {[%emt 0:01:03]} Rf8 {[%emt 0:00:00]} 33. Nd4 {[%emt 0:01:16]} Kd6 {[%emt 0:00:00]} 34. Rd1 {[%emt 0:01:16]} Kc7 {[%emt 0:00:00]} 35. Rb1 {[%emt 0:01:01]} b5 {[%emt 0:00:00]} 36. Ra1 {[%emt 0:01:43]} Kb6 {[%emt 0:00:22]} 37. Ra3 {[%emt 0:00:50]} Nxh3 {[%emt 0:00:43]} 38. Ke2 {[%emt 0:03:54]} Ng1+ {[%emt 0:01:13]} 39. Ke1 {[%emt 0:00:22]} Ngf3+ {[%emt 0:00:14]} 40. Nxf3 {[%emt 0:00:16]} Nxf3+ {[%emt 0:00:08]} 41. Kd1 {[%emt 0:00:34]} Ne5 {[%emt 0:00:38]} 0-1

[Event "Torneo Benidorm Gran Hotel Bali 2022"]
[Site "Benidorm, Spain"]
[Date "2022.12.06"]
[Round "4.3"]
[White "Remolar Gallen, Jose"]
[Black "Rodriguez Redondo, Adhara"]
[Result "1/2-1/2"]
[WhiteElo "2305"]
[BlackElo "2057"]
[PlyCount "101"]
[EventDate "2022.12.03"]
[EventType "swiss"]
[EventRounds "9"]
[SourceTitle "Ajedrez en Madrid"]
[Source "lmi"]
[SourceDate "2022.12.03"]
[SourceVersion "1"]
[SourceVersionDate "2022.12.10"]
[SourceQuality "1"]
[TimeControl "90+30"]
[WhiteClock "0:19:20"]
[BlackClock "0:00:53"]

1. c4 {[%emt 0:00:00]} e6 {[%emt 0:00:00]} 2. Nf3 {[%emt 0:00:00]} d5 {[%emt 0:00:00]} 3. e3 {[%emt 0:00:00]} Nf6 {[%emt 0:00:00]} 4. Nc3 {[%emt 0:00:00]} Bd6 {[%emt 0:00:00]} 5. b3 {[%emt 0:00:00]} b6 {[%emt 0:00:00]} 6. Bb2 {[%emt 0:00:00]} Bb7 {[%emt 0:00:00]} 7. cxd5 {[%emt 0:00:00]} exd5 {[%emt 0:00:00]} 8. Be2 {[%emt 0:00:00]} O-O {[%emt 0:00:00]} 9. Nd4 {[%emt 0:00:00]} Re8 {[%emt 0:00:00]} 10. O-O {[%emt 0:00:00]} Bf8 {[%emt 0:00:00]} 11. Nf5 {[%emt 0:00:00]} Nbd7 {[%emt 0:00:00]} 12. d4 {[%emt 0:00:00]} g6 {[%emt 0:00:00]} 13. Ng3 {[%emt 0:00:00]} h5 {[%emt 0:00:00]} 14. Bf3 {[%emt 0:00:00]} Bg7 {[%emt 0:00:00]} 15. Rc1 {[%emt 0:00:00]} Nf8 {[%emt 0:00:00]} 16. Rc2 {[%emt 0:00:00]} N8h7 {[%emt 0:00:00]} 17. Nge2 {[%emt 0:00:00]} Ng5 {[%emt 0:00:00]} 18. Nf4 {[%emt 0:00:00]} Nxf3+ {[%emt 0:00:00]} 19. Qxf3 {[%emt 0:00:00]} Ne4 {[%emt 0:00:00]} 20. Rfc1 {[%emt 0:00:00]} c6 {[%emt 0:00:00]} 21. Nxe4 {[%emt 0:00:00]} dxe4 {[%emt 0:00:00]} 22. Qg3 {[%emt 0:00:00]} h4 {[%emt 0:00:00]} 23. Qg4 {[%emt 0:00:00]} Bc8 {[%emt 0:00:00]} 24. Qd1 {[%emt 0:00:00]} Bb7 {[%emt 0:00:00]} 25. d5 {[%emt 0:00:00]} Bxb2 {[%emt 0:00:23]} 26. Rxb2 {[%emt 0:00:00]} Qf6 {[%emt 0:01:04]} 27. Rd2 {[%emt 0:00:00]} cxd5 {[%emt 0:00:33]} 28. Rc7 {[%emt 0:00:00]} Re7 {[%emt 0:01:49]} 29. Rxe7 {[%emt 0:00:00]} Qxe7 {[%emt 0:00:02]} 30. Nxd5 {[%emt 0:00:00]} Bxd5 {[%emt 0:00:37]} 31. Rxd5 {[%emt 0:00:00]} Rc8 {[%emt 0:01:07]} 32. h3 {[%emt 0:00:00]} Qf6 {[%emt 0:05:01]} 33. Rd4 {[%emt 0:00:00]} Re8 {[%emt 0:01:27]} 34. Qg4 {[%emt 0:00:00]} Kg7 {[%emt 0:00:57]} 35. a4 {[%emt 0:00:00]} Qe6 {[%emt 0:01:00]} 36. Qxh4 {[%emt 0:00:00]} Qxb3 {[%emt 0:00:19]} 37. Qf4 {[%emt 0:00:00]} Qe6 {[%emt 0:00:49]} 38. g4 {[%emt 0:00:33]} Qe5 {[%emt 0:01:31]} 39. Qxe5+ {[%emt 0:00:11]} Rxe5 {[%emt 0:00:03]} 40. Kg2 {[%emt 0:00:08]} g5 {[%emt 0:02:19]} 41. Kg3 {[%emt 0:00:10]} Kg6 {[%emt 0:00:44]} 42. h4 {[%emt 0:00:19]} gxh4+ {[%emt 0:00:13]} 43. Kxh4 {[%emt 0:00:12]} f6 {[%emt 0:02:22]} 44. Rb4 {[%emt 0:00:42]} Re6 {[%emt 0:00:38]} 45. Kg3 {[%emt 0:00:21]} f5 {[%emt 0:00:28]} 46. Kf4 {[%emt 0:04:00]} fxg4 {[%emt 0:00:17]} 47. Kxg4 {[%emt 0:00:06]} Rf6 {[%emt 0:00:27]} 48. Rxe4 {[%emt 0:00:07]} Rxf2 {[%emt 0:00:06]} 49. Re7 {[%emt 0:00:09]} a6 {[%emt 0:01:09]} 50. Re6+ {[%emt 0:00:33]} Rf6 {[%emt 0:00:12]} 51. Rxf6+ {[%emt 0:00:09]} 1/2-1/2

[Event "Torneo Benidorm Gran Hotel Bali 2022"]
[Site "Benidorm, Spain"]
[Date "2022.12.06"]
[Round "4.4"]
[White "Sos Andreu, Eric"]
[Black "Tscharotschkin, Michael"]
[Result "1/2-1/2"]
[WhiteElo "2364"]
[BlackElo "2137"]
[PlyCount "70"]
[EventDate "2022.12.03"]
[EventType "swiss"]
[EventRounds "9"]
[SourceTitle "Ajedrez en Madrid"]
[Source "lmi"]
[SourceDate "2022.12.03"]
[SourceVersion "1"]
[SourceVersionDate "2022.12.10"]
[SourceQuality "1"]
[TimeControl "90+30"]
[WhiteClock "0:19:27"]
[BlackClock "0:36:39"]

1. d4 {[%emt 0:00:00]} d5 {[%emt 0:00:00]} 2. c4 {[%emt 0:00:00]} e6 {[%emt 0:00:00]} 3. Nf3 {[%emt 0:00:00]} c6 {[%emt 0:00:00]} 4. g3 {[%emt 0:02:37]} Bd6 {[%emt 0:00:00]} 5. Bg2 {[%emt 0:00:40]} f5 {[%emt 0:00:00]} 6. O-O {[%emt 0:00:56]} Nf6 7. b3 {[%emt 0:00:00]} Qe7 {[%emt 0:00:00]} 8. Bb2 {[%emt 0:00:00]} O-O {[%emt 0:00:00]} 9. Nbd2 {[%emt 0:02:42]} Ne4 10. Ne5 {[%emt 0:00:00]} Nxd2 {[%emt 0:00:00]} 11. Qxd2 {[%emt 0:00:00]} Nd7 {[%emt 0:00:00]} 12. Nd3 {[%emt 0:00:00]} Nf6 {[%emt 0:00:00]} 13. f3 {[%emt 0:00:00]} Bd7 {[%emt 0:00:00]} 14. Bc3 {[%emt 0:00:00]} Be8 {[%emt 0:00:00]} 15. Kh1 {[%emt 0:00:00]} Bf7 {[%emt 0:00:00]} 16. Rab1 {[%emt 0:00:00]} Rad8 {[%emt 0:00:00]} 17. c5 {[%emt 0:00:00]} Bc7 {[%emt 0:00:00]} 18. Ba5 {[%emt 0:00:00]} Bxa5 {[%emt 0:00:00]} 19. Qxa5 {[%emt 0:00:00]} g5 {[%emt 0:00:00]} 20. Qd2 {[%emt 0:00:00]} h6 {[%emt 0:00:00]} 21. b4 {[%emt 0:00:00]} Nd7 {[%emt 0:00:00]} 22. Qe3 {[%emt 0:00:00]} Bg6 {[%emt 0:00:00]} 23. Rb3 {[%emt 0:00:00]} f4 {[%emt 0:00:00]} 24. gxf4 {[%emt 0:00:00]} Bxd3 {[%emt 0:00:00]} 25. Qxd3 {[%emt 0:00:00]} Rxf4 {[%emt 0:00:00]} 26. Qg6+ {[%emt 0:00:00]} Qg7 {[%emt 0:00:00]} 27. Qxe6+ {[%emt 0:00:00]} Kh8 {[%emt 0:00:00]} 28. e3 {[%emt 0:00:00]} Nf8 {[%emt 0:00:00]} 29. Qe5 {[%emt 0:00:00]} Qxe5 {[%emt 0:00:00]} 30. dxe5 {[%emt 0:00:00]} Rf5 {[%emt 0:00:00]} 31. f4 {[%emt 0:00:00]} gxf4 {[%emt 0:00:00]} 32. exf4 {[%emt 0:00:00]} Ng6 {[%emt 0:00:00]} 33. Rbf3 {[%emt 0:00:00]} Rdf8 {[%emt 0:00:00]} 34. Bh3 {[%emt 0:00:00]} Nxe5 {[%emt 0:00:00]} 35. Bxf5 {[%emt 0:00:00]} Nxf3 {[%emt 0:00:00]} 1/2-1/2

[Event "Torneo Benidorm Gran Hotel Bali 2022"]
[Site "Benidorm, Spain"]
[Date "2022.12.06"]
[Round "4.5"]
[White "Yuste Valenzuela, Alejandro"]
[Black "Md, Imran"]
[Result "0-1"]
[WhiteElo "2089"]
[BlackElo "2279"]
[PlyCount "66"]
[EventDate "2022.12.03"]
[EventType "swiss"]
[EventRounds "9"]
[SourceTitle "Ajedrez en Madrid"]
[Source "lmi"]
[SourceDate "2022.12.03"]
[SourceVersion "1"]
[SourceVersionDate "2022.12.10"]
[SourceQuality "1"]
[TimeControl "90+30"]
[WhiteClock "0:15:24"]
[BlackClock "0:56:18"]

1. e4 {[%emt 0:00:00]} c5 {[%emt 0:00:00]} 2. Nf3 {[%emt 0:00:00]} Nc6 {[%emt 0:00:00]} 3. d4 {[%emt 0:00:00]} cxd4 {[%emt 0:00:00]} 4. Nxd4 {[%emt 0:00:00]} g6 {[%emt 0:00:00]} 5. c4 {[%emt 0:00:00]} Bg7 {[%emt 0:00:00]} 6. Be3 {[%emt 0:00:00]} Qb6 {[%emt 0:00:00]} 7. Nb5 {[%emt 0:00:00]} Qd8 {[%emt 0:00:00]} 8. N1c3 {[%emt 0:00:00]} Nf6 {[%emt 0:00:00]} 9. Be2 {[%emt 0:00:00]} O-O {[%emt 0:00:00]} 10. Qd2 {[%emt 0:00:00]} d6 {[%emt 0:00:00]} 11. Rc1 {[%emt 0:00:00]} Nd7 {[%emt 0:00:00]} 12. O-O {[%emt 0:00:00]} Nc5 {[%emt 0:00:00]} 13. f4 {[%emt 0:00:00]} a6 {[%emt 0:00:00]} 14. Nd4 {[%emt 0:00:00]} Qa5 {[%emt 0:00:00]} 15. Bf3 {[%emt 0:00:00]} Nxd4 {[%emt 0:00:00]} 16. Bxd4 {[%emt 0:00:00]} e5 {[%emt 0:00:00]} 17. Be3 {[%emt 0:00:00]} exf4 {[%emt 0:00:00]} 18. Bxf4 {[%emt 0:00:00]} Be6 {[%emt 0:00:00]} 19. b3 {[%emt 0:00:00]} b5 {[%emt 0:00:00]} 20. Bh6 {[%emt 0:00:00]} Bxh6 {[%emt 0:00:00]} 21. Qxh6 {[%emt 0:00:00]} b4 {[%emt 0:00:00]} 22. Ne2 {[%emt 0:00:00]} Qxa2 {[%emt 0:00:00]} 23. e5 {[%emt 0:00:00]} Rad8 {[%emt 0:00:00]} 24. Ng3 {[%emt 0:00:00]} Qb2 {[%emt 0:00:00]} 25. Rce1 {[%emt 0:00:00]} dxe5 {[%emt 0:00:00]} 26. Bd5 {[%emt 0:00:00]} f6 {[%emt 0:00:00]} 27. Rf3 {[%emt 0:00:00]} Qd4+ {[%emt 0:00:00]} 28. Kh1 {[%emt 0:00:00]} Bxd5 {[%emt 0:00:00]} 29. Nf5 {[%emt 0:00:00]} gxf5 {[%emt 0:00:00]} 30. Rg3+ {[%emt 0:00:00]} Kf7 {[%emt 0:00:00]} 31. Qxh7+ {[%emt 0:00:00]} Ke8 {[%emt 0:00:00]} 32. Qg6+ {[%emt 0:02:32]} Bf7 {[%emt 0:00:00]} 33. Qxf6 {[%emt 0:00:04]} Ne4 {[%emt 0:00:00]} 0-1